| 000 | 00671nam a2200241Ia 4500 | ||
|---|---|---|---|
| 005 | 20250425162550.0 | ||
| 008 | 250425s9999 xx 000 0 und d | ||
| 020 | _a0194230309 | ||
| 041 | _aeng | ||
| 082 | _a428.6 | ||
| 100 | _aNABB, MAGDALEN | ||
| 245 | 0 | _aDEATH OF AN ENGLISHMAN | |
| 250 | _a2ND ED. | ||
| 260 |
_aEstados Unidos _bOXFORD UNIVERSITY PRESS _c2000 |
||
| 260 | _aOXFORD | ||
| 300 | _a88 | ||
| 650 | _aGUARNACCIA, MARSHAL (PERSONAJE LITERARIO) - NOVELA. | ||
| 650 | _aINGLES-LIBROS DE LECTURA | ||
| 650 | _aNOVELAS POLICIACAS-TEXTOS PARA EXTRANJEROS | ||
| 650 | _aPOLICIA - ITALIA - FLORENCIA - FICCION. | ||
| 942 | _c01 | ||
| 010 | _a85873 | ||
| 999 |
_c231833 _d231833 |
||